000 00610 a2200193 4500
001 61854
005 20260407155910.0
008 260407a1970 arg spa d
003 AR-UNSa-BCEJYS
040 _aAR-UNSa-BCEJYS
_bspa
_cAR-UNSa-BCEJYS
080 _a347.725
_xSociedades públicas. Sociedades anónimas (Sociedades por acciones)
245 1 0 _aLa asamblea en la sociedad anónima
_pManual teórico práctico
264 1 _aBuenos Aires :
_bCangallo
_c1970
300 _a211 p.
_c23 cm.
041 _aspa
942 _cBK
590 _aniveau_biblio:m niveau_hierar:0
100 1 _aMascheroni, Fernando H.
999 _c7444
_d7444